Statistics for Off-Broadway Musicals by Song

Click here to take the quiz!

General Stats

  • This quiz has been taken 36 times
    (34 since last reset)
  • The average score is 3 of 10

Answer Stats

HintAnswer% Correct
"Kindergarten Boyfriend"Heathers
94%
"First Date/Last Night"Dogfight
44%
"The Next Ten Minutes"The Last 5 Years
38%
"Made of Stone"The Hunchback of Notre Dame
28%
"Fine"Ordinary Days
19%
"Role of a Lifetime"Bare: A Pop Opera
16%
"Cecily Smith"Fly By Night
13%
"Starchild"Ghost Quartet
13%
"The Color of Your Eyes"Daddy Long Legs
9%
"It Will Be Chloe"Bubble Boy
6%

Score Distribution

Percentile by Number Answered

Percent of People with Each Score

Your Score History

You have not taken this quiz since the last reset